| 000 | 00713nab a2200241 a 4500 | ||
|---|---|---|---|
| 005 | 20210219155132.0 | ||
| 008 | 991125s1985 mx 000 0 spa u | ||
| 035 | _aUPN01000139028 | ||
| 100 | 1 | _aBurrows, Dave | |
| 222 | _aENSAYOS Y EXPERIENCIAS | ||
| 245 | _aHerramientas para abogar por los derechos de los usuarios de drogas en relación con la epidemia de VIH/SIDA | ||
| 260 | _aMéxico | ||
| 300 | _a27-39 | ||
| 362 | 0 | _a2001 Año 7, no. 39, jul.-ago. | |
| 653 | 0 | _aDROGADICTOS | |
| 653 | 0 | _aENFERMEDADES DE TRANSMISION SEXUAL | |
| 653 | 0 | _aSIDA | |
| 653 | 0 | _aVIH | |
| 653 | 0 | _aDERECHOS HUMANOS | |
| 700 | 0 |
_aDorabjee, Jimmy, _ecoaut. |
|
| 700 | 0 |
_aWodak, Alex, _ecoaut. |
|
| 905 | _aArticulo | ||
| 999 |
_c111176 _d111176 |
||